=LDR 00000nam 2200000 4500 =001 INLIS000000000005516 =005 20251017083959 =035 ##$$a 0010-1025000571 =007 ta =008 251017###########################0#ind## =082 ##$$a 363.97 =084 ##$$a 363.97 MAR d =100 #$$a Marsini =245 1#$$a Daftar Pertanian Yang Tangguh, Gerakan Koperasi Dan KB Kita Wujudkan NKKBS /$c Badan Koordinasi Keluarga Berencana Nasional =260 ##$:$b Badan Koordinasi Keluarga Berencana Nasional =300 ##$$a 19 Hal : $b Ilus ; $c 21 =650 #4$$a Keluarga Berencana =856 ##$$a Perpustakaan Kemendukbangga